[Event "BL 1920 Hamburger SK - SV Hockenheim"]
[Site "?"]
[Date "2021.10.14"]
[Round "9.7"]
[White "Baramidze, David"]
[Black "Meissner, Felix"]
[Result "1-0"]
[WhiteElo "2601"]
[BlackElo "2372"]
[PlyCount "69"]
[EventDate "2021.??.??"]

1. d4 d6 2. e4 Nf6 3. Nc3 e5 4. Nf3 Nbd7 5. Bc4 Be7 6. O-O O-O 7. Re1 a6 8. a4
b6 9. b3 Bb7 10. Bb2 c6 11. Bd3 Re8 12. Ne2 Bf8 13. Ng3 Qc7 14. Qd2 g6 15. Rad1
Rad8 16. Qc1 b5 17. Qa1 Bg7 18. Bf1 exd4 19. axb5 axb5 20. Nxd4 Ra8 21. Qc1 Ra2
22. Bc3 Qb6 23. Ndf5 gxf5 24. Nxf5 h6 25. Re3 Rxe4 26. Nxg7 Rxe3 27. Bd4 Qd8
28. Bxe3 Kxg7 29. Rxd6 Qe8 30. Bxh6+ Kh8 31. Qg5 Qg8 32. Qf4 Qg6 33. Bg5 Kg7
34. h4 Kf8 35. Bxf6 1-0

[Event "BL 1920 Hamburger SK - SV Hockenheim"]
[Site "?"]
[Date "2021.10.14"]
[Round "9.8"]
[White "Bracker, Frank"]
[Black "Banusz, Tamas"]
[Result "1/2-1/2"]
[WhiteElo "2378"]
[BlackElo "2610"]
[PlyCount "173"]
[EventDate "2021.??.??"]

1. e4 e5 2. Nf3 Nc6 3. Bc4 Bc5 4. c3 Nf6 5. d3 d6 6. a4 a5 7. O-O O-O 8. h3 h6
9. Re1 Ne7 10. Nbd2 Ng6 11. Nf1 c6 12. Bb3 Bb6 13. Ng3 Re8 14. d4 Bc7 15. Bc2
Nh7 16. Be3 Be6 17. Qd2 Qe7 18. b4 Rad8 19. d5 Bd7 20. c4 axb4 21. Qxb4 Rb8 22.
Qd2 c5 23. Reb1 Qd8 24. a5 Bc8 25. Ra3 Ra8 26. Rba1 Bd7 27. Nh5 Nf6 28. Ng3 Ra6
29. Qc3 Qe7 30. Qb2 Rb8 31. Bd2 Qd8 32. R1a2 Ra7 33. Qa1 Rba8 34. Ba4 Bc8 35.
Bb5 Nd7 36. a6 bxa6 37. Bxa6 Ne7 38. Bxc8 Rxa3 39. Rxa3 Rxa3 40. Qxa3 Qxc8 41.
Bc3 Qb7 42. Nd2 g6 43. Qa4 Bd8 44. Qb3 Qxb3 45. Nxb3 Nb6 46. Ba5 Nec8 47. Nf1
Bg5 48. Nfd2 f5 49. f3 Kf7 50. Kf2 h5 51. g3 Nd7 52. Ke2 Nf6 53. Kf2 Ke7 54.
Ke2 Kd7 55. Kf2 Ne7 56. Ke2 h4 57. g4 Bf4 58. exf5 gxf5 59. gxf5 Nxf5 60. Ne4
Nh5 61. Be1 Bh6 62. Bd2 Bxd2 63. Kxd2 Nf4 64. Ng5 Nd4 65. Nc1 Ke7 66. Nd3 Nh5
67. Ke3 Nf5+ 68. Kf2 Nfg3 69. Ke3 Nf5+ 70. Kf2 Nf4 71. Nxf4 exf4 72. Ne6 Ne3
73. Nxf4 Nxc4 74. Ng6+ Kf6 75. Nxh4 Nb6 76. Ke3 Kg5 77. Ng2 Nxd5+ 78. Ke4 Nf6+
79. Kd3 Kf5 80. Kc4 Ke5 81. h4 Nh5 82. Ne3 Kf4 83. Nc2 Nf6 84. Na3 Kxf3 85. Nb5
Kg4 86. Nxd6 Kxh4 87. Kxc5 1/2-1/2

[Event "BL 1920 SK Doppelbauer Turm Kiel - SG S"]
[Site "?"]
[Date "2021.10.14"]
[Round "9.1"]
[White "Oleksiyenko, Mykhaylo"]
[Black "Demchenko, Anton"]
[Result "1/2-1/2"]
[WhiteElo "2586"]
[BlackElo "2651"]
[PlyCount "102"]
[EventDate "2021.??.??"]

1. e4 e5 2. Nf3 Nc6 3. Bb5 a6 4. Ba4 Nf6 5. O-O Be7 6. Re1 b5 7. Bb3 d6 8. c3
O-O 9. h3 h6 10. d4 Re8 11. Nbd2 Bd7 12. Nf1 a5 13. Ng3 a4 14. Bc2 Bf8 15. Be3
a3 16. b4 exd4 17. Bxd4 Ne5 18. Nd2 Ng6 19. Nb3 Be6 20. Be3 c5 21. f4 Qc7 22.
bxc5 dxc5 23. Qf3 Bd7 24. e5 Bc6 25. Qf2 Nd5 26. Nh5 Nxe5 27. Bxc5 Ng6 28. Bxf8
Rxf8 29. Qd4 Qa7 30. Nc5 Nf6 31. Nxf6+ gxf6 32. Bxg6 fxg6 33. Qd6 Rad8 34. Qxc6
Rc8 35. Qe6+ Kh8 36. Kh1 Qxc5 37. Rad1 Rc7 38. Rd8 Kg7 39. Rxf8 Qxf8 40. Rd1
Qf7 41. Qd6 Qe7 42. Qxe7+ Rxe7 43. Rb1 Re2 44. Rxb5 Rxa2 45. Rb7+ Kf8 46. Ra7
h5 47. h4 Rf2 48. Rxa3 Rxf4 49. g3 Rf2 50. c4 Rc2 51. Ra6 Rxc4 1/2-1/2

[Event "BL 1920 SK Doppelbauer Turm Kiel - SG S"]
[Site "?"]
[Date "2021.10.14"]
[Round "9.2"]
[White "Khenkin, Igor"]
[Black "Neiksans, Arturs"]
[Result "1/2-1/2"]
[WhiteElo "2540"]
[BlackElo "2570"]
[PlyCount "43"]
[EventDate "2021.??.??"]

1. d4 Nf6 2. c4 e6 3. Nf3 b6 4. g3 Bb7 5. Bg2 Be7 6. O-O O-O 7. Nc3 Ne4 8. Nxe4
Bxe4 9. Nh4 Bxg2 10. Nxg2 d5 11. Qa4 dxc4 12. Qxc4 c5 13. dxc5 Bxc5 14. Be3 Nd7
15. Bxc5 Nxc5 16. Rac1 Qe7 17. Ne3 Rfd8 18. Rfd1 Rxd1+ 19. Rxd1 Rd8 20. Rxd8+
Qxd8 21. b4 Nd7 22. Qc6 1/2-1/2

[Event "BL 1920 SK Doppelbauer Turm Kiel - SG S"]
[Site "?"]
[Date "2021.10.14"]
[Round "9.3"]
[White "Meshkovs, Nikita"]
[Black "Dziuba, Marcin"]
[Result "1/2-1/2"]
[WhiteElo "2550"]
[BlackElo "2578"]
[PlyCount "143"]
[EventDate "2021.??.??"]

1. d4 d5 2. Nf3 Nf6 3. e3 c5 4. a3 cxd4 5. exd4 Nc6 6. Bd3 Bg4 7. Be3 Qb6 8.
Nbd2 e6 9. O-O Bd6 10. c4 Qc7 11. h3 dxc4 12. Nxc4 Bh5 13. Rc1 Nd5 14. Nxd6+
Qxd6 15. Qb3 Rb8 16. Be4 Bxf3 17. Bxf3 O-O 18. Bxd5 Qxd5 19. Qxd5 exd5 20. Rc5
Rbd8 21. b4 Rd7 22. Rb1 f6 23. a4 Nd8 24. b5 Ne6 25. Rc3 Kf7 26. Rbc1 Re8 27.
Kf1 h5 28. h4 Ree7 29. Rc8 Re8 30. R8c3 Rdd8 31. f3 Ke7 32. Ke2 Kd7 33. Kd3 Rc8
34. Rxc8 Rxc8 35. Rxc8 Kxc8 36. Bd2 Kd7 37. Ke3 g5 38. hxg5 fxg5 39. Kd3 Ke8
40. Be3 Kf7 41. g4 Kg6 42. Ke2 Nc7 43. Bd2 Ne8 44. Bb4 Nf6 45. gxh5+ Kxh5 46.
Bc5 a6 47. bxa6 bxa6 48. Kd3 Nd7 49. Kc3 Nb8 50. Bd6 Nc6 51. Bg3 Kg6 52. Bc7
Kf5 53. Bg3 g4 54. fxg4+ Kxg4 55. Bc7 Kf3 56. Bb6 Ke4 57. Bc5 Na5 58. Kb4 Nb7
59. Bb6 Kd3 60. Ba7 a5+ 61. Kb5 Nd8 62. Bc5 Ne6 63. Kxa5 Nxd4 64. Kb4 Nc2+ 65.
Kb5 d4 66. a5 Kc3 67. Bxd4+ Nxd4+ 68. Kb6 Nf5 69. a6 Nd6 70. a7 Nc8+ 71. Kb7
Nxa7 72. Kxa7 1/2-1/2

[Event "BL 1920 SK Doppelbauer Turm Kiel - SG S"]
[Site "?"]
[Date "2021.10.14"]
[Round "9.4"]
[White "Glud, Jakob Vang"]
[Black "Pavlidis, Antonios"]
[Result "1/2-1/2"]
[WhiteElo "2524"]
[BlackElo "2531"]
[PlyCount "131"]
[EventDate "2021.??.??"]

1. c4 e6 2. Nf3 d5 3. g3 d4 4. Bg2 c5 5. O-O Ne7 6. e4 Nbc6 7. d3 Ng6 8. h4 Be7
9. h5 Nf8 10. e5 h6 11. Re1 Qd7 12. a3 a5 13. Nbd2 b6 14. Ne4 Bb7 15. g4 g5 16.
Bd2 Qc7 17. b4 Nd7 18. bxc5 Nxc5 19. Nxc5 Bxc5 20. Qe2 Rd8 21. Nh2 Qe7 22. Rab1
Qc7 23. Bc1 Nb8 24. Bxb7 Qxb7 25. Nf1 Be7 26. Rb5 Nd7 27. Ng3 Nc5 28. Ne4 O-O
29. Qf3 Nxe4 30. Qxe4 Qxe4 31. Rxe4 Bc5 32. f4 f5 33. exf6 Rxf6 34. fxg5 Rf3
35. Rxe6 Rxd3 36. Rg6+ Kf7 37. Bf4 Rd1+ 38. Kg2 d3 39. gxh6 d2 40. Bxd2 R1xd2+
41. Kg3 R8d3+ 42. Kh4 Be7+ 43. g5 Rd4+ 44. Kg3 R2d3+ 45. Kf2 Rd2+ 46. Kg3 R2d3+
47. Kf2 Bc5 48. Ke2 Rd2+ 49. Kf3 R2d3+ 50. Ke2 Rd2+ 51. Kf3 Rh4 52. Rg7+ Ke6
53. Rg6+ Kf7 54. Rg7+ Ke6 55. Kg3 Bf2+ 56. Kg2 Rg4+ 57. Kh3 Rg3+ 58. Kh2 Be1+
59. Kh1 Rh3+ 60. Kg1 Bf2+ 61. Kg2 Rg3+ 62. Kh2 Be1+ 63. Kh1 Rh3+ 64. Kg1 Bf2+
65. Kg2 Rg3+ 66. Kh2 1/2-1/2

[Event "BL 1920 SK Doppelbauer Turm Kiel - SG S"]
[Site "?"]
[Date "2021.10.14"]
[Round "9.5"]
[White "Kantans, Toms"]
[Black "Bjerre, Jonas Buhl"]
[Result "0-1"]
[WhiteElo "2494"]
[BlackElo "2569"]
[PlyCount "40"]
[EventDate "2021.??.??"]

1. e4 c5 2. Nf3 d6 3. d4 cxd4 4. Nxd4 Nf6 5. Nc3 a6 6. Bd3 e5 7. Nde2 Be7 8.
O-O Be6 9. Ng3 Nc6 10. Bg5 O-O 11. Kh1 Nxe4 12. Ncxe4 Bxg5 13. Nxd6 g6 14. Nge4
Be7 15. Bc4 Bxc4 16. Nxc4 b5 17. Ncd6 Qc7 18. Qd5 Rad8 19. Rad1 Bxd6 20. Nxd6
Nd4 0-1

[Event "BL 1920 SK Doppelbauer Turm Kiel - SG S"]
[Site "?"]
[Date "2021.10.14"]
[Round "9.6"]
[White "Gavrilescu, David"]
[Black "Nemeth, Miklos"]
[Result "1/2-1/2"]
[WhiteElo "2505"]
[BlackElo "2468"]
[PlyCount "195"]
[EventDate "2021.??.??"]

1. e4 e5 2. Nf3 Nc6 3. d4 exd4 4. Nxd4 Bc5 5. Nb3 Bb6 6. Nc3 d6 7. Qe2 a5 8.
Be3 Bxe3 9. Qxe3 a4 10. Nd4 Nge7 11. Bb5 a3 12. bxa3 O-O 13. a4 Nxd4 14. Qxd4
c6 15. Bc4 Be6 16. O-O Bxc4 17. Qxc4 d5 18. Qb4 Qc7 19. Rab1 dxe4 20. Nxe4 Nd5
21. Qb3 Ra5 22. Rfe1 Rb8 23. c4 Ne7 24. Qb4 c5 25. Qd2 Ra6 26. Qg5 h6 27. Qxc5
Rc6 28. Qa3 Rxc4 29. Nd6 Rc2 30. g3 Ng6 31. Rb5 Rd8 32. Rd1 b6 33. Rbd5 Qe7 34.
Qf3 Qe6 35. a3 Re2 36. Kg2 Ra2 37. h4 Nf8 38. Nxf7 Rxd5 39. Rxd5 Rxa3 40. Nd8
Qe7 41. Nc6 Qf7 42. Qe4 g6 43. Rd8 Ra2 44. Qd4 Rc2 45. Ne5 Qf6 46. Qd5+ Kg7 47.
Ng4 Qc6 48. Qxc6 Rxc6 49. Rb8 Rc4 50. Rb7+ Kh8 51. Nxh6 Rxa4 52. Nf7+ Kg8 53.
Ng5 Rb4 54. Kf3 b5 55. Ke3 Rb2 56. f3 b4 57. Kf4 b3 58. Ke5 Rd2 59. Rxb3 Nd7+
60. Kf4 Rd4+ 61. Ne4 Rd5 62. g4 Kf8 63. Rb7 Ne5 64. Nf6 Nd3+ 65. Ke3 Rd6 66.
Rd7 Ne5 67. Rxd6 Nc4+ 68. Kf4 Nxd6 69. Ne4 Nc4 70. Nc5 Kf7 71. Nd3 Kf6 72. g5+
Ke6 73. Nc5+ Kf7 74. Nd7 Ke6 75. Nf6 Ne5 76. Ke4 Nc4 77. f4 Nd2+ 78. Ke3 Nc4+
79. Kd3 Nd6 80. h5 gxh5 81. Nxh5 Kf5 82. Ke3 Kg4 83. Nf6+ Kf5 84. Kf3 Nb5 85.
Nd5 Nd4+ 86. Ke3 Nc2+ 87. Kd3 Ne1+ 88. Ke2 Nc2 89. Kf3 Nd4+ 90. Kg3 Ke4 91.
Nf6+ Kf5 92. Nh5 Ne6 93. Kh4 Nf8 94. Ng7+ Kxf4 95. Kh5 Nh7 96. Ne6+ Ke5 97. Kg6
Nxg5 98. Nxg5 1/2-1/2

[Event "BL 1920 SK Doppelbauer Turm Kiel - SG S"]
[Site "?"]
[Date "2021.10.14"]
[Round "9.7"]
[White "Kovacs, Gabor"]
[Black "Pakleza, Zbigniew"]
[Result "1/2-1/2"]
[WhiteElo "2455"]
[BlackElo "2501"]
[PlyCount "71"]
[EventDate "2021.??.??"]

1. c4 c6 2. Nf3 d5 3. e3 Nf6 4. Nc3 Bg4 5. Qb3 Qb6 6. Ne5 Be6 7. d4 Nbd7 8.
Nxd7 Bxd7 9. Qxb6 axb6 10. cxd5 Nxd5 11. Nxd5 cxd5 12. Bd2 e6 13. Bd3 Bd6 14.
Ke2 Ke7 15. Rhc1 Rhc8 16. a3 h6 17. h4 h5 18. Rxc8 Rxc8 19. Bb4 Bxb4 20. axb4
Kd6 21. Kd2 Bc6 22. Be2 Rh8 23. Rh1 g6 24. Ra1 Rg8 25. Bd3 f6 26. Rg1 Ke7 27.
Ke2 Bd7 28. Ra1 Kd6 29. g3 Bc6 30. Ra7 Kc7 31. Ra3 Kd6 32. Ra1 Bd7 33. Ra7 Kc7
34. Ra1 Kd6 35. Ra7 Kc7 36. Ra1 1/2-1/2

[Event "BL 1920 SK Doppelbauer Turm Kiel - SG S"]
[Site "?"]
[Date "2021.10.14"]
[Round "9.8"]
[White "Parvanyan, Ashot"]
[Black "Boguslawski, Oleg"]
[Result "1-0"]
[WhiteElo "2453"]
[BlackElo "2390"]
[PlyCount "61"]
[EventDate "2021.??.??"]

1. Nf3 Nf6 2. c4 c5 3. d4 cxd4 4. Nxd4 g6 5. Nc3 Bg7 6. e4 d6 7. Be2 O-O 8. Be3
Nc6 9. O-O Bd7 10. Qd2 Nxd4 11. Bxd4 Bc6 12. f3 a5 13. b3 Nd7 14. Be3 Nc5 15.
Rac1 b6 16. Rfd1 Ra7 17. Bf1 Rd7 18. Ne2 e6 19. Nd4 Bb7 20. Bh6 Bxh6 21. Qxh6
Qf6 22. Qe3 Qe5 23. a3 f5 24. b4 Na6 25. f4 Qxe4 26. Qf2 e5 27. Ne6 Re8 28. Re1
Rxe6 29. Rxe4 fxe4 30. Qxb6 axb4 31. c5 1-0

[Event "BL 1920 SG Solingen - USV TU Dresden"]
[Site "?"]
[Date "2021.10.14"]
[Round "9.1"]
[White "Gajewski, Grzegorz"]
[Black "Ragger, Markus"]
[Result "1/2-1/2"]
[WhiteElo "2608"]
[BlackElo "2664"]
[PlyCount "41"]
[EventDate "2021.??.??"]

1. d4 Nf6 2. c4 g6 3. Nc3 d5 4. cxd5 Nxd5 5. e4 Nxc3 6. bxc3 Bg7 7. Nf3 c5 8.
Be3 Qa5 9. Qd2 Nc6 10. Rb1 a6 11. Rc1 cxd4 12. cxd4 Qxd2+ 13. Kxd2 e6 14. h4
O-O 15. Bd3 h6 16. Rc4 Bd7 17. Rhc1 Rfc8 18. a3 Rd8 19. Ke2 Be8 20. g4 Bf8 21.
R4c3 1/2-1/2

[Event "BL 1920 SG Solingen - USV TU Dresden"]
[Site "?"]
[Date "2021.10.14"]
[Round "9.2"]
[White "Ganguly, Surya Shekhar"]
[Black "Bartel, Mateusz"]
[Result "1-0"]
[WhiteElo "2617"]
[BlackElo "2597"]
[PlyCount "155"]
[EventDate "2021.??.??"]

1. e4 e5 2. Nf3 Nc6 3. Bc4 Nf6 4. d3 Be7 5. O-O O-O 6. Re1 d6 7. a4 Be6 8. Nbd2
Bxc4 9. Nxc4 h6 10. a5 Re8 11. Bd2 Bf8 12. Bc3 b5 13. axb6 axb6 14. b3 Qc8 15.
h3 Qb7 16. Rxa8 Rxa8 17. d4 d5 18. exd5 Nxd5 19. Bb2 exd4 20. Nxd4 Nxd4 21.
Qxd4 Qc6 22. Ne5 Qc5 23. Qd1 Nf6 24. Nf3 Qc6 25. c4 Qd6 26. Qb1 Re8 27. Be5 Qd8
28. Rd1 Qe7 29. Qf5 Rd8 30. Rxd8 Qxd8 31. Bxf6 Qd1+ 32. Kh2 gxf6 33. Qxf6 Bg7
34. Qc6 Qe2 35. Qxc7 Qxf2 36. Qc8+ Kh7 37. Qf5+ Kg8 38. Qc8+ Kh7 39. Qf5+ Kg8
40. Qe4 Qc5 41. Kh1 Bf6 42. Nh2 h5 43. Nf1 Qg5 44. Qe3 Qf5 45. Ng3 Qb1+ 46. Kh2
Qg6 47. Qe4 h4 48. Nf5 Bg5 49. Qe5 Bf6 50. Qe8+ Kh7 51. Qe4 Bd8 52. Kg1 Bg5 53.
b4 Qe6 54. Nd6+ Kg7 55. Qxe6 fxe6 56. Ne4 Bd8 57. Kf2 Kg6 58. Kf3 Kf5 59. Nd6+
Kf6 60. Ke4 Ke7 61. Nb5 Kd7 62. Nd4 Be7 63. Nc2 Bd6 64. b5 Be7 65. Ne1 Kd6 66.
Nd3 Bd8 67. Kf4 Be7 68. g4 hxg3 69. Kxg3 Bd8 70. Kf4 Ke7 71. h4 Kf6 72. h5 Bc7+
73. Kg4 Bd6 74. Nf2 Ke5 75. h6 Bf8 76. h7 Bg7 77. Nd3+ Kf6 78. c5 1-0

[Event "BL 1920 SG Solingen - USV TU Dresden"]
[Site "?"]
[Date "2021.10.14"]
[Round "9.3"]
[White "Vogel, Roven"]
[Black "Andersen, Mads"]
[Result "1/2-1/2"]
[WhiteElo "2453"]
[BlackElo "2572"]
[PlyCount "146"]
[EventDate "2021.??.??"]

1. c4 c6 2. Nf3 d5 3. e3 Nf6 4. b4 e6 5. b5 Bd6 6. d4 O-O 7. Nbd2 cxb5 8. c5
Be7 9. Bxb5 b6 10. cxb6 Qxb6 11. Rb1 Ba6 12. a4 Bxb5 13. Rxb5 Qa6 14. O-O Nbd7
15. Qb3 Rfb8 16. Bb2 Rb6 17. Bc3 Rab8 18. Ra1 Ne8 19. Ne5 Qc8 20. Ba5 Rxb5 21.
axb5 Nxe5 22. dxe5 Qc5 23. Bc3 Rxb5 24. Bd4 Qc6 25. Qa4 a5 26. Nb3 Bb4 27. Rc1
Qd7 28. Bb6 d4 29. Bxd4 f6 30. h3 Rd5 31. Qxd7 Rxd7 32. Rc8 Kf7 33. exf6 gxf6
34. Ra8 Rd5 35. Ra7+ Kg6 36. Kf1 Rb5 37. Ke2 e5 38. Ba1 Nd6 39. f3 Nc8 40. Ra6
Nb6 41. Nc1 a4 42. Na2 Ba5 43. g4 a3 44. Kd3 Rd5+ 45. Ke4 Rc5 46. f4 Rc4+ 47.
Kf3 e4+ 48. Kg3 Be1+ 49. Kg2 Rc2+ 50. Kf1 Rxa2 51. Bd4 Bh4 52. Rxb6 Rf2+ 53.
Kg1 a2 54. g5 Rd2 55. Rxf6+ Kg7 56. Ra6+ Kf7 57. f5 Bxg5 58. Ra7+ Ke8 59. f6
Bh6 60. f7+ Kd8 61. Bf6+ Kc8 62. f8=Q+ Bxf8 63. Ra8+ Kc7 64. Rxf8 Rd1+ 65. Kg2
a1=Q 66. Bxa1 Rxa1 67. Rf7+ Kd6 68. Rxh7 Re1 69. Kf2 Rh1 70. Rh5 Ke6 71. Rh8
Ke5 72. h4 Rh3 73. h5 Kf6 1/2-1/2

[Event "BL 1920 SG Solingen - USV TU Dresden"]
[Site "?"]
[Date "2021.10.14"]
[Round "9.4"]
[White "Predojevic, Borki"]
[Black "Boensch, Uwe"]
[Result "1-0"]
[WhiteElo "2577"]
[BlackElo "2508"]
[PlyCount "87"]
[EventDate "2021.??.??"]

1. e4 c5 2. Nf3 d6 3. d4 cxd4 4. Qxd4 Nc6 5. Bb5 Qd7 6. Qe3 e6 7. O-O Qc7 8.
Be2 Nf6 9. c4 Be7 10. Nc3 a6 11. b3 b6 12. Ba3 Ng4 13. Qd2 O-O 14. Rac1 Qa7 15.
Nd4 Nge5 16. Nxc6 Nxc6 17. Rfd1 Rd8 18. Qe3 Ne5 19. Rc2 Qc7 20. Rcd2 Rb8 21. h4
Bb7 22. h5 h6 23. Qg3 Kh8 24. Kh1 Rd7 25. f4 Nc6 26. f5 Bf6 27. Bxd6 Rxd6 28.
Rxd6 Be5 29. Qd3 Bxd6 30. Qxd6 Rc8 31. fxe6 fxe6 32. Bg4 Qf7 33. Bxe6 Qxh5+ 34.
Qh2 Qxh2+ 35. Kxh2 Re8 36. Bd5 Nd8 37. Na4 b5 38. Nc5 Bc8 39. cxb5 axb5 40. a4
bxa4 41. bxa4 Ne6 42. Nxe6 Bxe6 43. a5 Bc8 44. Rb1 1-0

[Event "BL 1920 SG Solingen - USV TU Dresden"]
[Site "?"]
[Date "2021.10.14"]
[Round "9.5"]
[White "Maiwald, Jens-Uwe"]
[Black "Smeets, Jan"]
[Result "0-1"]
[WhiteElo "2437"]
[BlackElo "2568"]
[PlyCount "80"]
[EventDate "2021.??.??"]

1. e4 c5 2. Nc3 Nc6 3. Bb5 Nd4 4. Bc4 e6 5. Nf3 Ne7 6. O-O Nec6 7. d3 g6 8.
Nxd4 cxd4 9. Ne2 Bg7 10. Bf4 d6 11. Qd2 h5 12. f3 Bf6 13. h3 Qe7 14. Bg3 Bd7
15. f4 h4 16. Bh2 Rg8 17. c3 dxc3 18. Nxc3 a6 19. e5 Bh8 20. Ne4 dxe5 21. fxe5
Nxe5 22. Bxe5 Bxe5 23. d4 Bc6 24. dxe5 Bxe4 25. Qe3 Bf5 26. Rac1 Rh8 27. Bd3
Rd8 28. Bxf5 gxf5 29. Rfd1 Rg8 30. Qb6 Rxd1+ 31. Rxd1 Kf8 32. Rd8+ Kg7 33.
Rxg8+ Kxg8 34. b4 Kg7 35. a4 Qd7 36. Qe3 Kg6 37. Qf4 Qxa4 38. Qxh4 Qa1+ 39. Kf2
Qb2+ 40. Kf3 Qxe5 0-1

[Event "BL 1920 SG Solingen - USV TU Dresden"]
[Site "?"]
[Date "2021.10.14"]
[Round "9.6"]
[White "Nikolic, Predrag"]
[Black "Hoffmann, Paul"]
[Result "1-0"]
[WhiteElo "2554"]
[BlackElo "2385"]
[PlyCount "71"]
[EventDate "2021.??.??"]

1. Nf3 Nf6 2. c4 e6 3. g3 b6 4. Bg2 Bb7 5. O-O Be7 6. d4 O-O 7. Bf4 d6 8. Nc3
Nbd7 9. d5 e5 10. Bd2 Nc5 11. Qc2 a5 12. b3 Bc8 13. a3 g6 14. Bh6 Re8 15. b4
Bf5 16. Qb2 Ng4 17. Bd2 Nb7 18. Ne1 e4 19. Nc2 Bf6 20. h3 Ne5 21. Ne3 Bg5 22.
Qb3 a4 23. Nxa4 Bxe3 24. Bxe3 Qd7 25. Nc3 Bxh3 26. Nxe4 Kg7 27. Bd4 Bxg2 28.
Kxg2 Qf5 29. Qf3 f6 30. Qxf5 gxf5 31. Nc3 Nxc4 32. Nb5 Re7 33. Rfc1 Nd2 34.
Nxc7 Ra4 35. Ne6+ Kf7 36. Rc8 1-0

[Event "BL 1920 SG Solingen - USV TU Dresden"]
[Site "?"]
[Date "2021.10.14"]
[Round "9.7"]
[White "Loxine, Jakov"]
[Black "Handke, Florian"]
[Result "0-1"]
[WhiteElo "2394"]
[BlackElo "2540"]
[PlyCount "108"]
[EventDate "2021.??.??"]

1. Nf3 Nf6 2. c4 c5 3. Nc3 d5 4. cxd5 Nxd5 5. e3 Nxc3 6. bxc3 g6 7. h4 h6 8.
Qa4+ Nd7 9. d4 Bg7 10. e4 O-O 11. Be3 Nf6 12. Bd3 Ng4 13. Bd2 Bd7 14. Qa3 Qc7
15. Rd1 b5 16. d5 e6 17. c4 f5 18. cxb5 exd5 19. exd5 Rfe8+ 20. Kf1 c4 21. Ba5
Qf4 22. Bc2 Bxb5 23. Qc5 Bd7 24. Bd2 Qb8 25. Rb1 Qc8 26. Qxc8 Bxc8 27. Ba4 Ba6
28. Bxe8 Rxe8 29. Bf4 c3+ 30. Kg1 c2 31. Re1 Re4 32. Rxe4 fxe4 33. Ne1 e3 34.
Bxe3 Nxe3 35. Nxc2 Nxc2 36. Rh3 Bf8 37. Rc3 Nb4 38. Rc7 Nxa2 39. Rxa7 Bc4 40.
Rd7 Nb4 41. d6 Be6 42. Rb7 Nc6 43. Rb6 Ne5 44. Ra6 Kf7 45. f3 Bd7 46. Ra7 Bxd6
47. Kh1 Ke6 48. Ra6 Nc6 49. Ra4 Nb4 50. Ra8 Bc6 51. Rg8 Kf7 52. Rd8 Bg3 53. Rd4
Nd5 54. Rg4 Bf4 0-1

[Event "BL 1920 SG Solingen - USV TU Dresden"]
[Site "?"]
[Date "2021.10.14"]
[Round "9.8"]
[White "Wegerle, Joerg"]
[Black "Richter, Philipp"]
[Result "1/2-1/2"]
[WhiteElo "2404"]
[BlackElo "2227"]
[PlyCount "52"]
[EventDate "2021.??.??"]

1. d4 Nf6 2. Nf3 c5 3. e3 d5 4. Bd3 Nc6 5. b3 Bg4 6. Bb2 e6 7. O-O cxd4 8. exd4
Bd6 9. h3 Bh5 10. Re1 O-O 11. a3 Rc8 12. Nbd2 Bf4 13. Nf1 Qb6 14. g3 Bb8 15.
Kg2 Rfd8 16. g4 Bg6 17. Bxg6 hxg6 18. Qd3 Bf4 19. Ng1 Qc7 20. Ne2 a6 21. Nxf4
Qxf4 22. Rad1 Ne4 23. f3 Nd6 24. Ng3 Qf6 25. Qe3 b5 26. Rd2 Rd7 1/2-1/2

[Event "BL 1920 SV Mülheim Nord - SF Berlin"]
[Site "?"]
[Date "2021.10.14"]
[Round "9.1"]
[White "Piorun, Kacper"]
[Black "Navara, David"]
[Result "0-1"]
[WhiteElo "2655"]
[BlackElo "2691"]
[PlyCount "112"]
[EventDate "2021.??.??"]

1. c4 e5 2. g3 Nf6 3. Bg2 Bc5 4. Nc3 c6 5. e3 Bb6 6. d4 exd4 7. exd4 d5 8. cxd5
Nxd5 9. Qe2+ Be6 10. Nf3 O-O 11. O-O Re8 12. Ng5 Bf5 13. Qf3 Bg6 14. Nxd5 cxd5
15. Qg4 h6 16. Nh3 Nd7 17. Be3 Nf6 18. Qd1 Rc8 19. Nf4 Be4 20. Nd3 Bxg2 21.
Kxg2 Qe7 22. Re1 Qe4+ 23. f3 Qf5 24. g4 Qd7 25. a4 Bc7 26. Bf2 Rxe1 27. Qxe1 h5
28. Ne5 Qe6 29. Rc1 hxg4 30. Nxg4 Ne4 31. Qe2 Ng5 32. Qxe6 Nxe6 33. Bg3 f5 34.
Ne3 f4 35. Nxd5 fxg3 36. hxg3 Rd8 37. Nxc7 Rc8 38. Re1 Nxc7 39. Re7 b5 40. d5
Nxd5 41. Rxa7 Rc2+ 42. Kh3 b4 43. Rd7 Nf6 44. Rb7 Rxb2 45. a5 Ra2 46. Rxb4 Rxa5
47. Rb2 Kh7 48. Rc2 Nd5 49. Re2 Ra3 50. Re5 Rd3 51. Kg2 Ne3+ 52. Kh3 Nc4 53.
Rf5 g6 54. Rf4 Ne5 55. Kg2 Rd2+ 56. Kh3 Rf2 0-1

[Event "BL 1920 SV Mülheim Nord - SF Berlin"]
[Site "?"]
[Date "2021.10.14"]
[Round "9.2"]
[White "Nguyen, Thai Dai Van"]
[Black "Tomczak, Jacek"]
[Result "1-0"]
[WhiteElo "2577"]
[BlackElo "2589"]
[PlyCount "83"]
[EventDate "2021.??.??"]

1. c4 c5 2. Nc3 Nc6 3. Nf3 e5 4. e3 f5 5. d4 e4 6. d5 exf3 7. dxc6 dxc6 8.
Qxd8+ Kxd8 9. gxf3 Bd6 10. b3 Nf6 11. Bb2 Ke7 12. O-O-O Be6 13. h4 Rad8 14. Be2
Kf7 15. Na4 Be7 16. Rdg1 Rhg8 17. Kc2 Nd7 18. f4 Nf6 19. Bc3 Ne4 20. Be1 Rge8
21. Bh5+ g6 22. Be2 h5 23. Rg2 b6 24. Nb2 Nf6 25. Nd3 Nd7 26. Bc3 Rg8 27. Ne1
Bf6 28. Nf3 Bxc3 29. Kxc3 Kf6 30. Rd1 Nb8 31. Rdg1 Nd7 32. Ng5 Bf7 33. Bf3 Nb8
34. e4 fxe4 35. Bxe4 Rd4 36. f3 Be8 37. f5 Nd7 38. fxg6 Nf8 39. Nh7+ Kg7 40.
Nxf8 Rxf8 41. Rg5 Rh8 42. Re5 1-0

[Event "BL 1920 SV Mülheim Nord - SF Berlin"]
[Site "?"]
[Date "2021.10.14"]
[Round "9.3"]
[White "Moroni, Luca Jr"]
[Black "Fridman, Daniel"]
[Result "1-0"]
[WhiteElo "2575"]
[BlackElo "2624"]
[PlyCount "97"]
[EventDate "2021.??.??"]

1. d4 d5 2. c4 e6 3. Nc3 c5 4. cxd5 cxd4 5. Qxd4 Nc6 6. Qd1 exd5 7. e3 Nf6 8.
Nf3 Bg4 9. Be2 Bd6 10. O-O O-O 11. h3 Bh5 12. b3 Bxf3 13. Bxf3 Be5 14. Bb2 Qa5
15. Qe1 Rad8 16. Na4 Qc7 17. Rc1 Bxb2 18. Nxb2 Rfe8 19. Qc3 Ne4 20. Bxe4 dxe4
21. Rfd1 Qe7 22. Na4 f5 23. Nc5 Rxd1+ 24. Rxd1 Ne5 25. Rd5 b6 26. Na6 g6 27.
Nc7 Rc8 28. Rxe5 Qf7 29. Rd5 Qxc7 30. Qf6 Qc1+ 31. Kh2 Qc7+ 32. g3 Rf8 33. Qd4
Qg7 34. Re5 Qf6 35. Qd5+ Rf7 36. Kg2 Kg7 37. Re6 Qb2 38. Re8 Qf6 39. Re6 Qb2
40. h4 Qe2 41. Re8 Qb2 42. Qd8 Qf6 43. Qb8 Kh6 44. Rg8 Rg7 45. Qf4+ g5 46.
hxg5+ Qxg5 47. Rxg7 Qxf4 48. Rxh7+ Kxh7 49. gxf4 1-0

[Event "BL 1920 SV Mülheim Nord - SF Berlin"]
[Site "?"]
[Date "2021.10.14"]
[Round "9.4"]
[White "Buckels, Valentin"]
[Black "Gumularz, Szymon"]
[Result "0-1"]
[WhiteElo "2457"]
[BlackElo "2534"]
[PlyCount "122"]
[EventDate "2021.??.??"]

1. d4 Nf6 2. c4 e6 3. Nc3 Bb4 4. Qc2 O-O 5. Nf3 d5 6. Bg5 c5 7. dxc5 h6 8. Bxf6
Qxf6 9. e3 Nd7 10. cxd5 exd5 11. Nd4 Nxc5 12. Bd3 Qg5 13. Kf1 Be6 14. a3 Nxd3
15. Qxd3 Bc5 16. Rd1 Rac8 17. Nce2 Bg4 18. f3 Bd7 19. Kf2 Rfe8 20. Rhe1 Bb6 21.
Nf4 Re5 22. g3 h5 23. Ng2 Qf6 24. h4 g6 25. Nf4 Rce8 26. Re2 Kg7 27. Ree1 a6
28. b3 Qd6 29. a4 Qf6 30. Rh1 Rh8 31. Rde1 Qe7 32. Re2 Qa3 33. Rd1 Rc8 34. Rh1
Qb4 35. Rd1 Rc3 36. Qd2 Bxd4 37. Qxd4 Qxd4 38. Rxd4 Rxb3 39. Nd3 Re7 40. Nc5
Rc3 41. Nxd7 Rxd7 42. e4 Rc4 43. Red2 Rxd4 44. Rxd4 Kf6 45. exd5 Ke5 46. Rb4
Kxd5 47. Rb6 Kc5 48. a5 Kd4 49. g4 hxg4 50. fxg4 Ke4 51. Rb4+ Ke5 52. Rb6 f6
53. Ke3 Rh7 54. Kf3 Rxh4 55. Rxb7 Rh3+ 56. Kg2 Ra3 57. Re7+ Kd6 58. Rf7 Kd5 59.
Rg7 g5 60. Rb7 Rxa5 61. Kf3 Ra3+ {Ke4+ Ra4+ Kf3 Rf4+} 0-1

[Event "BL 1920 SV Mülheim Nord - SF Berlin"]
[Site "?"]
[Date "2021.10.14"]
[Round "9.5"]
[White "Baldauf, Marco"]
[Black "Saltaev, Mihail"]
[Result "1-0"]
[WhiteElo "2511"]
[BlackElo "2473"]
[PlyCount "37"]
[EventDate "2021.??.??"]

1. d4 d5 2. c4 e6 3. Nc3 Be7 4. Nf3 Nf6 5. g3 O-O 6. Bg2 dxc4 7. Ne5 c5 8. dxc5
Qc7 9. Nxc4 Qxc5 10. b3 Rd8 11. Ba3 Rxd1+ 12. Rxd1 Qh5 13. Bxe7 Nbd7 14. h3 h6
15. Bf3 Qg6 16. O-O Qc2 17. Rd3 Nd5 18. Bxd5 exd5 19. Na3 1-0